Johannesburg Airport Destinations - Statistics

General Stats
  • This quiz has been taken 49 times
  • The average score is 45 of 77
Answer Stats
Country City % Correct
Algeria Algiers
97%
Belgium Brussels
97%
Egypt Cairo
97%
Australia Sydney
97%
United Arab Emirates Dubai
95%
United Kingdom London
95%
France Paris
95%
Israel Tel Aviv
95%
United Arab Emirates Abu Dhabi
92%
Ethiopia Addis Ababa
92%
Tanzania Dar es Salaam
92%
Qatar Doha
92%
Germany Frankfurt
92%
Zimbabwe Harare
92%
China Hong Kong
92%
Angola Luanda
92%
Kenya Nairobi
92%
Singapore Singapore
92%
Ghana Accra
90%
Netherlands Amsterdam
90%
Turkey Istanbul
90%
Nigeria Lagos
90%
Brazil São Paulo
90%
South Africa Cape Town
87%
Democratic Republic of the Congo Kinshasa
87%
United States New York City
87%
Namibia Windhoek
87%
Switzerland Zürich
87%
Madagascar Antananarivo
82%
South Africa Durban
82%
Botswana Gaborone
82%
Rwanda Kigali
82%
Zambia Lusaka
82%
Mozambique Maputo
82%
Mauritius Mauritius
79%
United States Atlanta
74%
Malawi Lilongwe
74%
South Africa Port Elizabeth
69%
Tanzania Zanzibar
69%
Gabon Libreville
67%
Seychelles Mahé
67%
Uganda Entebbe
64%
French (Overseas) Saint-Denis
64%
South Africa Bloemfontein
54%
South Africa East London
54%
China Shenzhen
54%
Namibia Walvis Bay
44%
Democratic Republic of the Congo Lubumbashi
41%
Malawi Blantyre
38%
United Kingdom (Overseas) Jamestown - Saint Helena
36%
Mozambique Beira
33%
Zambia Livingstone
33%
Zimbabwe Bulawayo
31%
South Africa George
31%
Zimbabwe Victoria Falls
31%
Madagascar Nosy Be
28%
Eswatini Manzini
26%
Botswana Maun
23%
Mozambique Nampula
23%
South Africa Pietermaritzburg
23%
South Africa Upington
23%
South Africa Kimberley
21%
South Africa Nelspruit
21%
South Africa Skukuza-Kruger National Park
21%
Mozambique Pemba
18%
South Africa Polokwane-Limpopo
18%
Botswana Kasane
15%
South Africa Richards Bay
15%
Mozambique Tete
15%
South Africa Mthatha
13%
Zambia Ndola
13%
South Africa Hoedspruit
10%
South Africa Margate
10%
South Africa Sishen
10%
South Africa Plettenberg Bay
8%
South Africa Londolozi
5%
Mozambique Vilankulos
5%
No matching quizzes found
Score Distribution
Percent of People with Each Score
Percentile by Number Answered
Your Score History
You have not taken this quiz